La sociedad de las naciones y el derecho político
Salvato in:
| Autore principale: | |
|---|---|
| Natura: | Libro |
| Lingua: | spagnolo |
| Pubblicazione: |
Madrid
Caro Raggio
1924
|
| Soggetti: | |
| Tags: |
Aggiungi Tag
Nessun Tag, puoi essere il primo ad aggiungerne!!
|
MARC
| LEADER | 00000nam a2200000 a 4500 | ||
|---|---|---|---|
| 001 | UCT9204 | ||
| 003 | CL-VaPUC | ||
| 008 | 970404e19240000SP |||||||||||||||||spa|d | ||
| 082 | 0 | 4 | |a 341.22 |b POS |2 21 |
| 100 | 0 | |a Posada, Adolfo |e author |9 381692 | |
| 245 | 1 | 3 | |a La sociedad de las naciones y el derecho político |
| 300 | |a 201 p | ||
| 942 | |c BK | ||
| 945 | |d 19970404 00:00:00 |a cmena | ||
| 260 | |a Madrid |b Caro Raggio |c 1924 | ||
| 650 | 0 | |a Derecho internacional |9 255637 | |
| 650 | 0 | |a Cooperación internacional |9 255447 | |
| 650 | 0 | |a Tratados internacionales |9 256056 | |
| 650 | 0 | |a Política internacional |9 255813 | |
| 583 | |a last modification |c 19970404 00:00:00 |k Rodrigo Vera | ||
| 999 | |c 257623 |d 257621 | ||
| 952 | |0 0 |1 0 |4 0 |6 341_220000000000000_POS_1924 |7 0 |8 X |9 281177 |a BIBDER |b BIBDER |d 2019-11-19 |i 1827103 |o 341.22 POS 1924 |p 1827103 |r 2023-01-25 |w 2019-11-19 |y BK_X |k DER | ||